00497nam a2200157Ia 450000500170000000800410001708200230005810000260008124500260010726000320013330000120016550000420017794200060021995200990022599900150032420250307041640.0240331s9999 xx 000 0 und d bVEN22046a894.811 aVenkadasubramanian, K 0aPuthiya Chinthanaikal aMadurai,bAnnam P Ltdc1990 a161 p., aA collection of essays by the author. cL 001040708LaWERCLbWERCLcSSCd2024-03-31l0o 894.811 VENp2046r2024-03-31w2024-03-31yL c4232d4232